000 00504nam a22001697a 4500
005 20251108171010.0
008 250721s1981 xx 000 0 ara d
082 1 4 _a956/أحم
100 1 _aالسايح، أحمد عبد الرحيم
245 1 0 _aأضواء على الحضارة الإسلامية /
264 1 _aالرياض :
_bدار اللواء،
_c1981.
300 _a220ص
650 1 7 _aالإسلام
650 1 7 _aالتاريخ الإسلامي
942 _2ddc
_cBK
999 _c54003
_d54003